The Amazing Devil - The Rockrose and the Thistle Lyrics - Statistics

General Stats
  • This quiz has been taken 5 times
  • The average score is 198 of 215
Answer Stats
Hint Answer % Correct
A
100%
a
100%
all
100%
Verse 3 All
100%
alone
100%
And
100%
and
100%
as
100%
ask
100%
asleep
100%
back
100%
breathe
100%
But
100%
but
100%
call
100%
Cause
100%
climb
100%
die
100%
die"
100%
father's
100%
find
100%
gently
100%
god
100%
how
100%
hows
100%
I
100%
I"
100%
I'll
100%
Is
100%
it
100%
it's
100%
know
100%
leave
100%
let
100%
Let
100%
"May
100%
me
100%
moan
100%
mother's
100%
my
100%
no
100%
"Not
100%
not
100%
now
100%
now"
100%
of
100%
rockrose
100%
single
100%
that
100%
the
100%
The
100%
them
100%
thing
100%
thistle
100%
those
100%
to
100%
together
100%
Up
100%
up
100%
Verse 1 | Verse 2 When
100%
whens
100%
whistle
100%
Will
100%
with
100%
won't
100%
you
100%
you'll
100%
your
100%
you're
100%
you've
100%
bereft
75%
calling
75%
calm
75%
cliffs
75%
clue
75%
come
75%
cry
75%
darn
75%
desperately
75%
down
75%
fretted
75%
gift
75%
hangs
75%
have
75%
head
75%
hear
75%
inside
75%
"I've
75%
Just
75%
kindest
75%
left
75%
limply
75%
muttered
75%
never
75%
out
75%
pray
75%
ragged
75%
rob
75%
run
75%
scramble
75%
scream
75%
sew
75%
sky
75%
song
75%
stop
75%
thimble
75%
think
75%
thread
75%
try
75%
Trying
75%
unknitted
75%
unwoven
75%
wail
75%
wake
75%
weeping
75%
words
75%
could
50%
pins
50%
seams
50%
threads
25%
weaves
25%
No matching quizzes found
Score Distribution
Percent of People with Each Score
Percentile by Number Answered
Your Score History
You have not taken this quiz